000 00544nam a22001577a 4500
082 _aPhD-ESE-10
100 _aIftikhar Ahmed Shahid (NUST201590305PCES9212F)
_9128243
245 _aEnergy, Economy, and Sustainability at Household Level in Pakistan /
264 _aIslamabad :
_bUSPCAS-E, NUST,
_cJuly, 2023
300 _axii, 114 p.
_e+CD
520 _aPhD-ESE-10
650 _aPhD-ESE Thesis
_9116794
650 _aPhD Thesis
_919283
700 _aSupervisor: Dr. Kafait Ullah Co-Supervisor: Dr. Clark A. Miller
_9128244
942 _2ddc
_cTHE
999 _c613282
_d613282